00353nam a2200133Ia 4500008004100000040001700041041001200058082001500070100001700085245004500102250001300147260004200160300001700202230917s9999||||xx |||||||||||||| ||und|| e134464aMAIN aEnglish a519.5 Y91S aYule, G Udny 0aIntroduction to the theory of statistics a14th ed. aNew DelhibUniversal Book Stallc1991 axxiv, 701 p.